Interpreten nach Lieder #11 - K - Statistiken

Allgemein
  • Dieses Quiz wurde 76 mal gespielt
  • Das Durchschnittsergebnis liegt bei 11 aus 30
Antwortstatistiken
Lieder Interpret % Korrekt
Hot N Cold, Roar, Dark Horse Katy Perry
91%
Timber, TiK ToK, Die Young Kesha
80%
Schüsse in die Luft, Songs für Liam, Ich will nicht nach Berlin Kraftklub
71%
Mr. Brightside, Human, Somebody Told Me The Killers
66%
Scheissmelodie, Die immer lacht, Einfach nein Kerstin Ott
65%
Das Model, Radioaktivität, Autobahn Kraftwerk
62%
Rock And Roll All Nite, Heaven's On Fire, I Was Made for Lovin' You KISS
60%
Erfolg ist kein Glück, Summertime, Nur für dich Kontra K
58%
Since U Been Gone, Because of You, Breakaway Kelly Clarkson
54%
Ein Affe und ein Pferd, Familienfeier, Marmeladentoastbrot K.I.Z.
54%
Use Somebody, Sex on Fire, Closer Kings of Leon
51%
Can't Get You out of My Head, In Your Eyes, Dance Alone Kylie Minogue
49%
Bang Bang, Wavin' Flag, Stop For A Minute K'NAAN
48%
Cambodia, Kids in America, You Came Kim Wilde
43%
Monopoli, Faust auf Faust, 1000 und 1 Nacht (Zoom!) Klaus Lage
43%
Über sieben Brücken musst du gehn, Der blaue Planet, Albatros Karat
42%
Celebration, Cherish, Get Down On it Kool & The Gang
40%
Walking On Sunshine, Love Shine a Light, Sun Street Katrina & The Waves
31%
Whatever, Higher Love, It Ain't Me Kygo
26%
Ruby, Oh My God, I Predict A Riot Kaiser Chiefs
23%
Freak On a Leash, Coming Undone, Got the Life Korn
22%
Kling Klang, Breit, Singapur Keimzeit
12%
Ferien in Algerien, Arschgesicht, Du bist schuld Knorkator
11%
Landungsbrücken raus, Deiche, Auch für mich 6. Stunde kettcar
9%
Violent Revolution, Phobia, Europe After the Rain Kreator
9%
Cha Cha Cha, Ruoska, Kot Kot Käärijä
8%
ITALODISCO, KARMA, Cabriolet Panorama The Kolors
8%
Gossenabitur, Mein Stammbaum ist ein Kreis, Perlen vor die Säue Knasterbart
6%
My Twins, Old Heart Falls, Decima Katatonia
5%
Vodka, Jägermeister, Ievan Polkka Korpiklaani
5%
Keine übereinstimmenden Quizze gefunden
Verteilung der Resultate
Anzahl Personen mit jedem Resultat
Perzentil nach korrekt beantworteten Fragen
Ihre Resultats-Entwicklung
Sie haben dieses Quiz noch nicht gespielt